000
00285nam a2200121Ia 4500
008
190216s9999||||xx |||||||||||||| ||und||
100
_a
Null
245
0
_a
Hindi-Goubindra Mishra
260
_b
Tata Mcgraw Hill Publishing Company Ltd
300
_a
204
650
_a
Hindi
942
_c
BK
999
_c
15871
_d
15871